000 00407nam a22001697a 4500
003 NUST - PNEC
005 20170116181021.0
008 150915b xxu||||| |||| 00| 0 eng d
020 _a-
040 _cLIBRARY
082 _a621.436 MAN
100 _910694
_aMangal, N K
245 _aDiesel engine mechanics
_cN K Mangal
260 _cc.1987
650 _910697
_aEngine mechanics
_xME
942 _2ddc
_cBK
999 _c67429
_d67429